000 00727nam a2200217 i 4500
001 52724
003 ES-MaACL
005 20230906162633.0
007 t|
008 030903s1973 sp ||||1| spa d
245 0 3 _aLa decadencia económica de los imperios /
_cCarlo M. Cipolla ... [et al.] ; versión de Blanca Paredes Larrucea, E. Giralt Raventós.
260 _a[Madrid] :
_bAlianza,
_c[1973]
300 _a224 p. ;
_c20 cm.
490 1 _aAlianza universidad ;
_v57
700 1 _aCipolla, Carlo M.
_938870
700 1 _aParedes Larrucea, Blanca.
_989047
700 1 _aGiralt i Raventós, Emili.
_957202
830 0 _aAlianza universidad ;
_v57
_9177276
852 _aES-MaACL
_jC-54924
_bR.87447
999 _c52724
_d52724